Pays européens qui ont envahi la Pologne - Statistiques

Statistiques générales
  • Ce quiz a été pris 125 fois
  • Le résultat moyen est 10 sur 14
Statistiques - réponses
Pays % Correct
Allemagne
100%
Russie
99%
France
97%
Autriche
87%
Suède
77%
Hongrie
75%
Ukraine
73%
Italie
67%
Tchéquie
67%
Royaume-Uni
66%
Slovaquie
63%
Lituanie
62%
Turquie
49%
Moldavie
13%
Aucun quiz correspondant
Distribution des résultats
% des personnes avec chaque résultat
Percentile par nombre de réponses
Votre historique - résultats
Vous n’avez pas pris ce quiz